Mythological Figures by Country - Statistics

General Stats
  • This quiz has been taken 41 times
  • The average score is 9 of 18
Answer Stats
Being Country % Correct
Feng Huang (Phoenix) China
84%
Krampus Austria
77%
Gargoyle France
77%
Leprechaun Ireland
74%
Quetzalcoatl Mexico
71%
Yeti Nepal
71%
Sasquatch United States
68%
Baba Yaga Russia
58%
Djinn Saudi Arabia
52%
Vampire Bulgaria
45%
Troll Norway
45%
Wendigo Canada
42%
Elf Sweden
42%
Naga (Nagini) India
32%
Merlion Singapore
6%
Adze Ghana
3%
Krasue Thailand
3%
Mermaid Syria
0%
No matching quizzes found
Score Distribution
Percent of People with Each Score
Percentile by Number Answered
Your Score History
You have not taken this quiz